High Court Revision Order No.1 of 2000 Kato victor and 12 others vs Mushabe Venasio (Record no. 4524)

MARC details
000 -LEADER
fixed length control field 00433nam a22001097a 4500
008 - FIXED-LENGTH DATA ELEMENTS--GENERAL INFORMATION
fixed length control field 110705t xxu||||| |||| 00| 0 eng d
010 ## - LIBRARY OF CONGRESS CONTROL NUMBER
LC control number HCRO F-146
245 ## - TITLE STATEMENT
Title High Court Revision Order No.1 of 2000 Kato victor and 12 others vs Mushabe Venasio
260 ## - PUBLICATION, DISTRIBUTION, ETC. (IMPRINT)
Date of publication, distribution, etc 2000
500 ## - GENERAL NOTE
General note Before: The Hon. Mr Justice Yorokamu Bamwine
Holdings
Withdrawn status Lost status Source of classification or shelving scheme Damaged status Koha normalized classification for sorting Not for loan Location (home branch) Sublocation or collection (holding branch) Shelving location Date acquired Koha issues (times borrowed) Koha full call number Piece designation (barcode) Koha date last seen Koha item type
    Dewey Decimal Classification   HCRO_F146   Law Development Centre Main Library Law Development Centre Main Library Archives 07/05/2011   HCRO F-146 1/200/1 07/05/2011 Un Reported Cases